The crisis in Indian agricuture: (Record no. 38625)

MARC details
000 -LEADER
fixed length control field 00809nam a22002297a 4500
005 - DATE AND TIME OF LATEST TRANSACTION
control field 20100802124814.0
010 ## - LCCN (DPL NO)
LC control number ENG-97508
020 ## - INTERNATIONAL STANDARD BOOK NUMBER
International Standard Book Number 8178711516
Terms of availability 350.00
035 ## - SYSTEM CONTROL NUMBER
System control number EN-81041
037 ## - SOURCE OF ACQUISITION
Source of stock number/acquisition DBAD/PUB
082 ## - DEWEY DECIMAL CLASSIFICATION NUMBER
Classification number 338.10954
100 ## - MAIN ENTRY--PERSONAL NAME
Personal name Guruswamy, Mohan
245 ## - TITLE STATEMENT
Title The crisis in Indian agricuture:
Remainder of title a critical study /
Statement of responsibility, etc by Mohan Guruswamy ,Uma Natrajan [and] Shagun khare
260 ## - PUBLICATION, DISTRIBUTION, ETC. (IMPRINT)
Place of publication, distribution, etc Gurgaon
Name of publisher, distributor, etc Hope India
Date of publication, distribution, etc 2008
270 ## - ADDRESS
City Gurgaon
Address 85, Sector 23
Postal code 122017
300 ## - PHYSICAL DESCRIPTION
Extent 125p .
Dimensions 23cm (Hb)
700 ## - ADDED ENTRY--PERSONAL NAME
Personal name Natrajan, Uma
9 (RLIN) 4110
700 ## - ADDED ENTRY--PERSONAL NAME
Personal name Khare, Shagun
9 (RLIN) 4111
700 ## - ADDED ENTRY--PERSONAL NAME
9 (RLIN) 4112
942 ## - ADDED ENTRY ELEMENTS (KOHA)
Source of classification or shelving scheme Dewey Decimal Classification
Item type English Books
Classification part 338.10954
Call number suffix GUR
Holdings
Withdrawn status Lost status Not for loan Collection code Home library Current library Date acquired Source of acquisition Cost, normal purchase price Full call number Barcode Copy number Cost, replacement price Koha item type
    Not For Loan Non-fiction D.B.Act.Division D.B.Act.Division 03/08/2010 DBAD/PUB 350.00 338.10954 GUR EN-81041 1 350.00 English Books

© Delhi Public Library
Hit Counter
free hit counter